000 00635nam a2200229Ia 4500
003 OSt
005 20220928110000.0
006 a|||||r|||| 00| 0
007 ta
008 220927b |||||||| |||| 00| 0 eng d
024 _a54941
037 _cTextual
040 _aSDCL
_cSDCL
_beng
041 _2eng
_aeng
082 _aO152,3N1:g, M8
100 _aIqbal Sheikh Mohammed
_9417573
245 0 _aSwatantrata poorva Hindi aur Telgu kahani.
260 _aNew Delhi
_bKandarp Prakashan
_c1988
300 _a413p.
_ccm.
942 _hO152,3N1:g, M8
_cTEXL
_2CC
999 _c733563
_d733563